000 00423nam a2200169 4500
005 20260109164005.0
008 260109b |||||||| |||| 00| 0 eng d
020 _a978-81-89988-54-8
041 _aEnglish
082 _aX 923.2 BED
_bB12164
100 _aBedi, Kiran
_9216308
245 _aI Dare
260 _aNew Delhi
_bHay House India
_c2025
300 _axiv,390p.
_bpb
365 _aRupaye
_b419
_cINR
942 _cBK
999 _c369849
_d369849